00542nam a2200133Ia 4500008004100000100002100041245009200062260006900154300001100223650001400234856006800248999001900316952007300335160712s9999 xx 000 0 und d aGarcia, J. Neil. cJ. Neil GarciaaThe Spirit (Not the Letter) of the Word: Poetry, Myth, and Spirituality c2015bLikhaan: The Journal of Contemporary Philippine Literature avol. 9 xCRITICISM uhttp://journals.upd.edu.ph/index.php/lik/issue/view/539/showToc c297002d297002 001040aCLbCLd2016-07-12l0r2016-07-12 00:00:00w2016-07-12yFEJ